Представление документа в формате MARC21

Поле Инд. ПП Название Значение
Тип записи a
Библиографический уровень m
001 Контрольный номер 4d4532ce706e4598981fc534cdbcae33
005 Дата корректировки 20260526162811.7
020 a ISBN 978-5-534-13289-2
080 a Индекс УДК 657(075.8)
097 b Оператор *Ж*
097 b Оператор *Мал*
100 1_ a Автор Алексеева Г.И.
245 10 a Заглавие Бухгалтерский финансовый учет. Отдельные виды обязательств
b Продолж. заглавия учебник для среднего профессионального образования
b Продолж. заглавия в составе учебно-методического комплекса
250 a Основные сведения об издании 2-е изд., перераб. и доп.
260 a Место издания Москва
b Издательство Юрайт
c Дата издания 2025
300 a Объем 238 с.
440 _0 a Серия Профессиональное образование
440 _0 a Серия УМК-У
516 8_ a Прим. о типе комп. файла/ данных Текст : электронный
a Прим. о типе комп. файла/ данных Режим доступа: по подписке
a Прим. о типе комп. файла/ данных Дата обращения 03.04.2026
520 0_ a Аннотация Издание призвано дать читателям основные представления о проблемах и задачах бухгалтерского учета отдельных видов обязательств, возникающих в деятельности экономических субъектов, заинтересовать бухгалтерской профессией и привлечь в бухгалтерскую науку. Понимание методологических основ бухгалтерского учета текущих расчетов и обязательств предприятия — важное условие грамотного решения задач, возникающих в хозяйственной практике. Теоретический материал иллюстрируется многочисленными примерами и задачами, соответствующими современным стандартам преподавания бухгалтерского финансового учета, кроме того, предложен обширный набор ситуационных задач для практических (семинарских) занятий и самостоятельной работы студентов. Содержит необходимый материал для проведения практических (семинарских) занятий и организации самостоятельной работы студентов по теме «Учет текущих расчетов и обязательств» дисциплины «Бухгалтерский финансовый учет». Соответствует актуальным требованиям Федерального государственного образовательного стандарта высшего образования. Для студентов высших учебных заведений экономического направления подготовки, аспирантов, слушателей учебно-методических центров, преподавателей, осуществляющих подготовку, переподготовку и повышение квалификации экономистов, а также для работников финансовых, бухгалтерских и экономических служб организаций.
535 1_ a Хранилище Образовательная платформа Юрайт
583 a Действие Приписка : УМК
653 0_ a Ключевые слова Бухгалтерский финансовый учет
a Ключевые слова Договоры
a Ключевые слова Купля-продажа
a Ключевые слова Дарение
a Ключевые слова Посреднические договоры
a Ключевые слова Договор доверительного управления
a Ключевые слова Коммерческая концессия
a Ключевые слова Договорные обязательства
a Ключевые слова СПО
655 a Жанр/ форма (устаревшее) У
773 18 w Контрольный № источника feb917f062a04ea78a39db31ac9a7c12
856 40 u URL https://urait.ru/bcode/566890
901 t Тип документа m
905 b Дата создания записи обработка 07.04.26
c Дата приписки 26.05.26
952 b Гриф литературы для ВШ Гриф УМО
a Тип литературы для КСУ ВШ *У1*
e Факультет *ФУСК*
990 g Размещение заказа (DOS) Образовательная платформа Юрайт